000
00357nam a22001457a 4500
008
230331b |||||||| |||| 00| 0 eng d
020
_a
978-1-4091-5212-5
082
_a
813.54
100
_a
Rainbow Rowell
245
_a
Landline
260
_b
Orion Publishing,
_c
2015
300
_a
356 p.
_c
19.5 cm
942
_2
ddc
999
_c
9444
_d
9445